MARC

LEADER 00000nam0a2200000 4500
001 140599
005 20231031142113.0
035 |a (RuTPU)RU\TPU\book\152321 
090 |a 140599 
100 |a 20080703d1978 k y0rusy50 ca 
101 0 |a rus 
102 |a KZ 
105 |a a z 001zy 
200 1 |a Кинетика и механизм электродных реакций  |e сборник статей  |f Академия наук Казахской ССР (АН КазССР) ; Институт органического катализа и электрохимии 
210 |a Алма-Ата  |c Наука  |d 1978 
215 |a 104 с.  |c ил. 
225 1 |a Труды института органического катализа и электрохимии  |v Т. 18 
320 |a Библиография в конце статей 
610 1 |a кинетика 
610 1 |a механизмы 
610 1 |a электродные реакции 
610 1 |a электродные процессы 
610 1 |a сборники 
675 |a 544.65  |v 3 
712 0 2 |a Академия наук Казахской ССР (АН КазССР)  |b Институт органического катализа и электрохимии (ИОКЭ)  |c (Алма-Ата)  |2 stltpush  |3 (RuTPU)RU\TPU\col\15443 
801 1 |a RU  |b 63413507  |c 20080703  |g PSBO 
801 2 |a RU  |b 63413507  |c 20130809  |g PSBO 
942 |c BK